Communes de l'Indre-et-Loire (37) de plus de 10000 habitants - Statistiques

Statistiques générales
  • Ce quiz a été pris 88 fois
  • Le résultat moyen est 7 sur 10
Statistiques - réponses
Habitants Commune % Correct
138668 (préfecture) Tours
100%
38432 Joué-lès-Tours
98%
11877 Chambray-lès-Tours
73%
15698 Saint-Pierre-des-Corps
67%
13132 Amboise
65%
16766 Saint-Cyr-sur-Loire
62%
10349 La Riche
54%
15075 Saint-Avertin
54%
10917 Fondettes
44%
11261 Montlouis-sur-Loire
37%
Aucun quiz correspondant
Distribution des résultats
% des personnes avec chaque résultat
Percentile par nombre de réponses
Votre historique - résultats
Vous n’avez pas pris ce quiz